Statistics for General Knowledge Quiz #194

Click here to take the quiz!

General Stats

  • This quiz has been taken 8,264 times
  • The average score is 10 of 20

Answer Stats

Question Answer % Correct
Who was the last leader of the Soviet Union?Mikhail Gorbachev
75%
Who does most of Jackie Chan's stunts?Jackie Chan
70%
What sound does a cricket make?Chirp
64%
Who starred as James Bond before Daniel Craig?Pierce Brosnan
61%
What Greek fabulist wrote "The Tortoise and the Hare"?Aesop
60%
In poker, what beats a flush but loses to four of a kind?Full House
57%
It's the year 1800, and two fashionable Russian nobles are having a conversation.
What language are they most likely to be speaking?
French
57%
What is the Spanish equivalent of the name Charles?Carlos
57%
Who became, in 2017, the first person to have a net worth in excess of $100 billion?Jeff Bezos
57%
What is the only country that is completely free of mosquitos?Iceland
56%
Whose children are named George, Charlotte, and Louis?Prince William and
Kate
53%
What Marvel villain wants to kill half the population of the universe?Thanos
49%
What is the name of the stupid, slobbering dog that lives with Garfield?Odie
49%
What country's population fell more than 10% between 2010 and 2017?Syria
49%
What prolific composer wrote over 1128 pieces of music and fathered 20 children?J.S. Bach
46%
Cherilyn Sarkisian was born in 1946. What is she better known as today?Cher
46%
Where did Tony Bennett leave his heart?San Francisco
42%
Who often foils the plans of super villain Ernst Blofeld?James Bond
41%
What profession is shared by Arturo Toscanini, Leonard Bernstein, and Gustavo Dudamel?Orchestra Conductor
30%
In the famous poem, what three words come after "She Walks in Beauty"?Like the Night
12%

Score Distribution

Percentile by Number Answered

Percent of People with Each Score

Your Score History

You have not taken this quiz